| 000 | 00675nam a22002417a 4500 | ||
|---|---|---|---|
| 003 | UA-OsUOA | ||
| 001 | 22075 | ||
| 007 | ta | ||
| 008 | 20031216b un ||||| |||| 00| 0 ukr d | ||
| 100 | _aФонкич Б.Л. | ||
| 090 |
_a008(091)"654" _bФ77 |
||
| 942 | _cBK | ||
| 040 |
_aUA-OsUOA _brus _cUA-OsUOA _dUA-OsUOA |
||
| 245 |
_aГреческо-русские культурные связи в XV - XVIІ вв. _bГреческие рукописи в России |
||
| 300 | _a248 с. | ||
| 955 | _a0 | ||
| 041 | _arus | ||
| 080 | _a008(091)"654" | ||
| 260 |
_aМосква _bНаука _c1977 |
||
| 044 | _aRU | ||
| 650 | 7 | _2UDC | |
| 999 |
_c308288 _d308288 |
||